| 000 | 00961cab a2200181 4500 | ||
|---|---|---|---|
| 001 | L131052 | ||
| 008 | 050923n2005 000 0 eng u | ||
| 035 | _a(Sirsi) u131052 | ||
| 041 | 0 | _aeng | |
| 100 | 1 | _aMajekodunmi, Olufunmi | |
| 245 | 0 | 0 | _aLimber up for the Olympics |
| 260 | _c2005 | ||
| 490 | 0 |
_aConstruction Manager _v September 2005, 16-20(3) |
|
| 520 | _aExamination of how London can deliver the best Olympic Games ever in 2012. Includes best ideas that could be copied from previous hosts, such as development of a major integrated transport strategy, resolution of health and safety issues, use of different management team for each project, identification of construction skills shortages, total integration of contractors, good communication, careful control of procurement, costs and contracts, local involvement, tight security and early resolution of disputes. | ||
| 590 | _aIKA270905 | ||
| 690 |
_aProject management _96261 |
||
| 942 | _n0 | ||
| 999 |
_c75925 _d75925 |
||